000 00508nam a2200205Ia 4500
003 0100
008 130303s9999 xx 000 0 und d
040 _cARRUPELIB
050 _aB765.T54B33 1966
100 _aBanez, Dominic
245 4 _aThe Primacy of Existence in Thomas Aquinas
245 _ba Commentary in Thomistic Metaphysics
260 _aChicago
260 _bHenry Regnery Company
260 _C1966
300 _a122p.
300 _b 17cm
650 _bAfrica-Politics
942 0 0 _02
999 _c38789
_d38789